Critical thinking : (Record no. 256)

000 -LEADER
fixed length control field 01578cam a2200409Ma 4500
003 - CONTROL NUMBER IDENTIFIER
control field ALUPE UNIVERSITY
005 - DATE AND TIME OF LATEST TRANSACTION
control field 20210610104734.0
008 - FIXED-LENGTH DATA ELEMENTS--GENERAL INFORMATION
fixed length control field 090824s2011 nyua b 001 0 eng
020 ## - INTERNATIONAL STANDARD BOOK NUMBER
International Standard Book Number 9780073407432
020 ## - INTERNATIONAL STANDARD BOOK NUMBER
International Standard Book Number 0073407437
020 ## - INTERNATIONAL STANDARD BOOK NUMBER
International Standard Book Number 9780071081153
020 ## - INTERNATIONAL STANDARD BOOK NUMBER
International Standard Book Number 0071081151
040 ## - CATALOGING SOURCE
Transcribing agency AU@
049 ## - LOCAL HOLDINGS (OCLC)
Holding library TXAM
050 00 - LIBRARY OF CONGRESS CALL NUMBER
Classification number B809.2
Item number .C745 2011
245 00 - TITLE STATEMENT
Title Critical thinking :
Remainder of title a student's introduction /
Statement of responsibility, etc. Gregory Bassham [and others].
250 ## - EDITION STATEMENT
Edition statement 4th ed.
264 #1 - PRODUCTION, PUBLICATION, DISTRIBUTION, MANUFACTURE, AND COPYRIGHT NOTICE
Place of production, publication, distribution, manufacture New York :
Name of producer, publisher, distributor, manufacturer McGraw-Hill Higher Education,
Date of production, publication, distribution, manufacture, or copyright notice 2011.
300 ## - PHYSICAL DESCRIPTION
Extent xiv, 490 pages, 35 unnumbered pages :
Other physical details illustrations ;
Dimensions 23 cm
336 ## - CONTENT TYPE
Content type term text
Content type code txt
Source rdacontent
337 ## - MEDIA TYPE
Media type term unmediated
Media type code n
Source rdamedia
338 ## - CARRIER TYPE
Carrier type term volume
Carrier type code nc
Source rdacarrier
500 ## - GENERAL NOTE
General note Test.
504 ## - BIBLIOGRAPHY, ETC. NOTE
Bibliography, etc. note Includes bibliographical references (pages N1-N8) and index.
650 #0 - SUBJECT ADDED ENTRY--TOPICAL TERM
Topical term or geographic name entry element Critical thinking
Form subdivision Textbooks.
650 #7 - SUBJECT ADDED ENTRY--TOPICAL TERM
Topical term or geographic name entry element Critical thinking.
Source of heading or term fast
Authority record control number or standard number (OCoLC)fst00883692
655 #7 - INDEX TERM--GENRE/FORM
Authority record control number or standard number (OCoLC)fst01423863
700 1# - ADDED ENTRY--PERSONAL NAME
Personal name Bassham, Gregory,
Dates associated with a name 1959-
Authority record control number or standard number http://id.loc.gov/authorities/names/n91120762
856 41 - ELECTRONIC LOCATION AND ACCESS
Uniform Resource Identifier http://bvbr.bib-bvb.de:8991/F?func=service&doc_library=BVB01&doc_number=020299492&line_number=0001&func_code=DB_RECORDS&service_type=MEDIA
942 ## - ADDED ENTRY ELEMENTS (KOHA)
Source of classification or shelving scheme
Koha item type Book
Suppress in OPAC DO
948 ## - LOCAL PROCESSING INFORMATION (OCLC); SERIES PART DESIGNATOR (RLIN)
Series part designator, SPT (RLIN) cataloged
b (OCLC) h
c (OCLC) 2018/4/4
d (OCLC) c
e (OCLC) ceaton
f (OCLC) 2:25:01 pm
Holdings
Withdrawn status Lost status Source of classification or shelving scheme Damaged status Not for loan Permanent Location Current Location Shelving location Date acquired Total Checkouts Total Renewals Full call number Barcode Date last seen Date last checked out Price effective from Koha item type Public note
          AU LIBRARY AU LIBRARY Open Shelf 10.06.2021 4 1 B809.2 .C745 2011 28002892 05.05.2022 21.04.2022 10.06.2021 Book DO

Powered by Koha